<?xml version="1.0" encoding="UTF-8"?>
<record
    xmlns:xsi="http://www.w3.org/2001/XMLSchema-instance"
    xsi:schemaLocation="http://www.loc.gov/MARC21/slim http://www.loc.gov/standards/marcxml/schema/MARC21slim.xsd"
    xmlns="http://www.loc.gov/MARC21/slim">

  <leader>01471nam0a22003731  4500</leader>
  <controlfield tag="001">RU\NLR\INFOCOMM_89\5000596901</controlfield>
  <controlfield tag="005">20250613095534.0</controlfield>
  <datafield tag="035" ind1=" " ind2=" ">
    <subfield code="a">(NLR Aleph) 009297921</subfield>
  </datafield>
  <datafield tag="090" ind1=" " ind2=" ">
    <subfield code="a">9260839</subfield>
    <subfield code="c">9260839</subfield>
  </datafield>
  <datafield tag="100" ind1=" " ind2=" ">
    <subfield code="a">20101012d1978    |||y0rusy50      ca</subfield>
  </datafield>
  <datafield tag="101" ind1="0" ind2=" ">
    <subfield code="a">eng</subfield>
  </datafield>
  <datafield tag="102" ind1=" " ind2=" ">
    <subfield code="a">RU</subfield>
  </datafield>
  <datafield tag="105" ind1=" " ind2=" ">
    <subfield code="a">a   ||||000|y</subfield>
  </datafield>
  <datafield tag="200" ind1="1" ind2=" ">
    <subfield code="a">Experimental arguments in favour of isospin 5/2 isobars</subfield>
    <subfield code="f">A. F. Nilov, A. B. Kaidalov, G. S. Lomkatsi, V. T. Smolyankin</subfield>
  </datafield>
  <datafield tag="210" ind1=" " ind2=" ">
    <subfield code="a">&#x41C;.</subfield>
    <subfield code="c">&#x418;&#x422;&#x42D;&#x424;</subfield>
    <subfield code="d">1978</subfield>
  </datafield>
  <datafield tag="215" ind1=" " ind2=" ">
    <subfield code="a">17 &#x441;.</subfield>
    <subfield code="c">&#x434;&#x438;&#x430;&#x433;&#x440;.</subfield>
    <subfield code="d">25 &#x441;&#x43C;</subfield>
  </datafield>
  <datafield tag="225" ind1="1" ind2=" ">
    <subfield code="a">Inst. of theoretical a. experimental physics</subfield>
    <subfield code="v">ITEP-165</subfield>
  </datafield>
  <datafield tag="300" ind1=" " ind2=" ">
    <subfield code="a">&#x412; &#x432;&#x44B;&#x43F;. &#x434;&#x430;&#x43D;.: &#x42D;&#x43A;&#x441;&#x43F;&#x435;&#x440;&#x438;&#x43C;&#x435;&#x43D;&#x442;&#x430;&#x43B;&#x44C;&#x43D;&#x44B;&#x435; &#x430;&#x440;&#x433;&#x443;&#x43C;&#x435;&#x43D;&#x442;&#x44B; &#x432; &#x43F;&#x43E;&#x43B;&#x44C;&#x437;&#x443; &#x441;&#x443;&#x449;&#x435;&#x441;&#x442;&#x432;&#x43E;&#x432;&#x430;&#x43D;&#x438;&#x44F; &#x438;&#x437;&#x43E;&#x431;&#x430;&#x440; &#x441; &#x438;&#x437;&#x43E;&#x442;&#x43E;&#x43F;&#x438;&#x447;&#x435;&#x441;&#x43A;&#x438;&#x43C; &#x441;&#x43F;&#x438;&#x43D;&#x43E;&#x43C; 5/2 / &#x410;. &#x424;. &#x41D;&#x438;&#x43B;&#x43E;&#x432; &#x438; &#x434;&#x440;.</subfield>
  </datafield>
  <datafield tag="320" ind1=" " ind2=" ">
    <subfield code="a">&#x411;&#x438;&#x431;&#x43B;&#x438;&#x43E;&#x433;&#x440;.: &#x441;. 17</subfield>
  </datafield>
  <datafield tag="606" ind1=" " ind2=" ">
    <subfield code="a">&#x418;&#x437;&#x43E;&#x431;&#x430;&#x440;&#x44B; (&#x44F;&#x434;&#x435;&#x440;&#x43D;.)</subfield>
    <subfield code="2">nlr_sh1</subfield>
  </datafield>
  <datafield tag="686" ind1=" " ind2=" ">
    <subfield code="a">&#x412;382.32</subfield>
    <subfield code="2">rubbk</subfield>
  </datafield>
  <datafield tag="701" ind1=" " ind2="1">
    <subfield code="9">z07790</subfield>
    <subfield code="a">Nilov</subfield>
    <subfield code="b">A. F.</subfield>
    <subfield code="g">Anatalij Filippovi&#x10D;</subfield>
    <subfield code="4">070</subfield>
  </datafield>
  <datafield tag="701" ind1=" " ind2="1">
    <subfield code="9">z08790</subfield>
    <subfield code="a">Kajdalov</subfield>
    <subfield code="b">A. B.</subfield>
    <subfield code="g">Aleksej Borisovi&#x10D;</subfield>
    <subfield code="4">070</subfield>
  </datafield>
  <datafield tag="701" ind1=" " ind2="1">
    <subfield code="9">z09790</subfield>
    <subfield code="a">Lomkaci</subfield>
    <subfield code="b">G. S.</subfield>
    <subfield code="4">070</subfield>
  </datafield>
  <datafield tag="701" ind1=" " ind2="1">
    <subfield code="9">z10790</subfield>
    <subfield code="a">Smoljankin</subfield>
    <subfield code="b">V. T.</subfield>
    <subfield code="4">070</subfield>
  </datafield>
  <datafield tag="790" ind1=" " ind2="1">
    <subfield code="9">z07701</subfield>
    <subfield code="a">Nilov</subfield>
    <subfield code="b">A. F.</subfield>
    <subfield code="4">070</subfield>
  </datafield>
  <datafield tag="790" ind1=" " ind2="1">
    <subfield code="9">z08701</subfield>
    <subfield code="a">Kaidalov</subfield>
    <subfield code="b">A. B.</subfield>
    <subfield code="4">070</subfield>
  </datafield>
  <datafield tag="790" ind1=" " ind2="1">
    <subfield code="9">z09701</subfield>
    <subfield code="a">Lomkatsi</subfield>
    <subfield code="b">G. S.</subfield>
    <subfield code="4">070</subfield>
  </datafield>
  <datafield tag="790" ind1=" " ind2="1">
    <subfield code="9">z10701</subfield>
    <subfield code="a">Smolyankin</subfield>
    <subfield code="b">V. T.</subfield>
    <subfield code="4">070</subfield>
  </datafield>
  <datafield tag="801" ind1=" " ind2="1">
    <subfield code="a">RU</subfield>
    <subfield code="b">NLR</subfield>
    <subfield code="c">20101012</subfield>
  </datafield>
  <datafield tag="801" ind1=" " ind2="0">
    <subfield code="a">RU</subfield>
    <subfield code="b">NLR</subfield>
    <subfield code="g">PSBO</subfield>
  </datafield>
  <datafield tag="852" ind1=" " ind2=" ">
    <subfield code="a">NLR</subfield>
    <subfield code="j">&#x424;&#x437;01 &#x414;-8/272</subfield>
  </datafield>
  <datafield tag="942" ind1=" " ind2=" ">
    <subfield code="c">BOOK</subfield>
  </datafield>
  <datafield tag="980" ind1=" " ind2=" ">
    <subfield code="a">NB</subfield>
  </datafield>
  <datafield tag="995" ind1=" " ind2=" ">
    <subfield code="5">2013-10-26</subfield>
    <subfield code="b">NLR01</subfield>
    <subfield code="c">NLR01</subfield>
    <subfield code="e">IF</subfield>
    <subfield code="f">9297921-10</subfield>
    <subfield code="k">&#x424;&#x437;01 &#x414;-8/272</subfield>
    <subfield code="o">0</subfield>
    <subfield code="r">BOOK</subfield>
    <subfield code="s">01_8272</subfield>
  </datafield>
</record>
